=LDR 00000nam 2200000 4500 =001 INLIS000000000015898 =005 20210427075816 =035 ##$$a 0010-061300000015898 =008 210427################g##########0#ind## =041 ##$$a Ind =082 ##$$a 338.604 8 =090 ##$$a 338.604 8, Sun m =100 ##$$a Sun Tzu =245 1#$$a Seri perang menang dalam persaingan : $b Dengan komentar sebelas komentator klasik /$c Sun Tzu ; alih bahasa D. Danar Priyatmoko =250 ##$$a seri perang =260 ##$$a Jakarta :$b Gramedia Pustaka Utama,$c 1993 =300 ##$$a ix, 235 hlm. ; $c 21 x 14 cm. =650 #4$$a Persaingan =700 #$$a Priyatmoko, D. Danan =850 ##$$a NBPNMAT =084 ##$$a 338.604 8 SUN s =020 ##$$a 979-511-743-2 =990 ##$$a 21107508 =990 ##$$a 00037556 =990 ##$$a 00037557 =990 ##$$a 00033165 =990 ##$$a 50.963/Pb-93 =990 ##$$a 99.543/Pro.96 =990 ##$$a 21107508 =990 ##$$a 00037556 =990 ##$$a 00037557 =990 ##$$a 00033165 =990 ##$$a 50.963/Pb-93 =990 ##$$a 0001/BPAP-NTB/2016 =990 ##$$a 21107508 =990 ##$$a 00037556 =990 ##$$a 00037557 =990 ##$$a 00033165 =990 ##$$a 99.543/Pro.96 =990 ##$$a 50.963/Pb-93 =990 ##$$a 16891689 =990 ##$$a 99.593/Pro-96 =990 ##$$a 21107508 =990 ##$$a 00037556 =990 ##$$a 00037557 =990 ##$$a 00033165 =990 ##$$a 99.543/Pro.96 =990 ##$$a 0001/BPAP-NTB/2016 =990 ##$$a 50.963/Pb-93 =990 ##$$a 99.594/Pro-96 =990 ##$$a 21107508 =990 ##$$a 00037556 =990 ##$$a 00037557 =990 ##$$a 00033165 =990 ##$$a 99.543/Pro.96 =990 ##$$a 0001/BPAP-NTB/2016 =990 ##$$a 50.963/Pb-93 =990 ##$$a 0001/BPAP-NTB/2016 =990 ##$$a 21107508 =990 ##$$a 00037556 =990 ##$$a 00037557 =990 ##$$a 00033165 =990 ##$$a 99.543/Pro.96 =990 ##$$a 50.963/Pb-93 =990 ##$$a 99.544/Pro.96 =990 ##$$a 21107508 =990 ##$$a 00037556 =990 ##$$a 00037557 =990 ##$$a 00033165 =990 ##$$a 99.543/Pro.96 =990 ##$$a 50.963/Pb-93 =990 ##$$a 99.544/Pro.96 =990 ##$$a 21107508 =990 ##$$a 00037556 =990 ##$$a 00037557 =990 ##$$a 00033165 =990 ##$$a 99.543/Pro.96 =990 ##$$a 50.963/Pb-93 =990 ##$$a 99.543/Pro.96 =990 ##$$a 21107508 =990 ##$$a 00037556 =990 ##$$a 00037557 =990 ##$$a 00033165 =990 ##$$a 99.544/Pro.96 =990 ##$$a 50.963/Pb-93